|
|
|
|
| LEADER |
00728nab a2200193 i 4500 |
| 001 |
publ15231 |
| 005 |
20190424171924.0 |
| 008 |
190424s2016 hu o 0|| magyar d |
| 022 |
|
|
|a 0209-584X
|
| 024 |
7 |
|
|a 10.20520/Jel-Kep.2016.1.31
|2 doi
|
| 024 |
7 |
|
|a 3025568
|2 mtmt
|
| 040 |
|
|
|a SZTE Publicatio Repozitórium
|b hun
|
| 041 |
|
|
|a magyar
|
| 100 |
1 |
|
|a Tamás Ágnes
|
| 245 |
1 |
2 |
|a A Nagy Háború a Borsszem Jankó karikatúráin. Alkotók és alkotások a propaganda hálójában
|h [elektronikus dokumentum] /
|c Tamás Ágnes
|
| 260 |
|
|
|c 2016
|
| 300 |
|
|
|a 31-47
|
| 490 |
0 |
|
|a JEL-KÉP: KOMMUNIKÁCIÓ KÖZVÉLEMÉNY MÉDIA
|v 5 No. 1
|
| 856 |
4 |
0 |
|u http://publicatio.bibl.u-szeged.hu/15231/1/JelKep_2016_1_Tamas_Agnes.pdf
|z Dokumentum-elérés
|